000 00334nam a2200109Ia 4500
008 200302s9999 xx 000 0 und d
100 _aRaymond J.Cole, Richard Lorch (editor)
245 _aBuildings,Culture & Environment -- Informing Local & Global Practices(
_ 195)
260 _bBlackwell Publications
260 _c2003
300 _a404
999 _c4603
_d4603